Johnny Depp's movies - Statistics

General Stats
  • This quiz has been taken 184 times
    47 since last reset
  • The average score is 9 of 20
Answer Stats
Hint Answer % Correct
The Mad Hatter Alice in Wonderland & Through the Looking Glass
89%
Willy Wonka Charlie and the Chocolate Factory
86%
Jack Sparrow Pirates of the Caribbean series
83%
Tonto The Lone Ranger
58%
Gellert Grindelwald Fantastic Beasts series
56%
Ichabod Crane Sleepy Hollow
53%
Barnabas Collins Dark Shadows
47%
James "Whitey" Bulger Black Mass
42%
Victor Van Dort (voice) Corpse Bride
42%
John Dillinger Public Enemies
42%
Roux Chocolat
39%
Inspector Frederick Abberline From Hell
36%
Raoul Duke Fear and Loathing in Las Vegas
33%
Sir James Matthew Barrie Finding Neverland
33%
Wolf Into the Woods
31%
Louis XV Jeanne du Barry
31%
Edward Ratchett Murder on the Orient Express
28%
Mort Rainey Secret Window
28%
Lerner Platoon
25%
Dean Corso The Ninth Gate
22%
No matching quizzes found
Score Distribution
Percent of People with Each Score
Percentile by Number Answered
Your Score History
You have not taken this quiz since the last reset